000 00583nam a2200169 a 4500
008 120416s1978 xx |||||||||||||| || u
050 _aHC 60 Ste
100 _aStewart, Frances
245 1 0 _aTechnology and underdevelopment
250 _a2nd ed.
260 _a
_bMacmillan
_c1978
300 _axiv, 304p. : ill.
350 _a0.00
650 0 _aECONOMICS
650 _aECONOMICS--TECHNOLOGICAL CHANGE--DEVELOPING COUNTRIES
995 _D0.00
_FCBU-MAIN LIBRARY (Kitwe)
_H1
_I0.00
_M1
_UAVAILABLE
_ZAnnex Low-Usage Collection
999 _c59576
_d59576